00517 2200169 4500001002100000005001500021035002000036245009200056100004000148300002600188260005100214082001200265084001800277020001800295600001700313990001700330INLIS00000000000084520250424075642 a0010-04250000241 aCerita-Cerita Populer Tapi Palsu tentang Nabi & Rasul /cIzzuddin Al Karimi; Penerjemah0 aSadahan, abdul Aziz bin Muhammad As a213 hlm ;c10 X 15 cm aSurabaya :bLa Raiba Bima Amanta (eLBA),c2006 a297.246 a297.246 SAD c a979-246-706-7 4aNabi & Rasul a3200/PP/2024